000 00655nam a2200205Ia 4500
003 OSt
005 20250312093957.0
008 210210b2015 xxu||||| |||| 00| 0 eng d
040 _cAL
041 _aKannada
082 _aK894.9 SHRK
100 _aSHRINIVASAMURTI (Ka Vem)
_9117105
_dಶ್ರೀನಿವಾಸಮೂರ್ತಿ (ಕಾ ವೆಂ)
245 _aKuvempu sahithya: nalku nota
_bಕುವೆಂಪು ಸಾಹಿತ್ಯ : ನಾಲ್ಕು ನೋಟ
260 _aBengaluru
_b-
_c2015
300 _axi,102
650 _aKuvempu Puttappa K V
_9117106
690 _aKannada Criticism
_9117107
906 _a071271
942 _2ddc
_cBK
999 _c120626
_d120626